[Event "Barcelona Sants op 21st"]
[Site "Barcelona"]
[Date "2019.08.26"]
[Round "4"]
[White "Gonzalez Muelas, Marco Antonio"]
[Black "Planella Zavala, Ivan"]
[Result "1/2-1/2"]
[WhiteElo "1616"]
[BlackElo "1479"]
[PlyCount "103"]
[EventDate "2019.08.23"]
[EventType "swiss"]
[EventRounds "10"]
[EventCountry "ESP"]
[SourceTitle "EXT 2020"]
[Source "ChessBase"]
[SourceDate "2019.10.17"]
[SourceVersion "1"]
[SourceVersionDate "2019.10.17"]
[SourceQuality "1"]

1. d4 d5 2. c4 e6 3. Nc3 Bb4 4. Nf3 Nf6 5. Bg5 0-0 6. e3 Nbd7 7. Bd3 b6 8. 0-0 Bxc3 9. bxc3 Bb7 10. cxd5 exd5 11. Ne5 Qe8 12. Nxd7 Nxd7 13. Qh5 f5 14. Qh3 Qg6 15. Bf4 c5 16. Rab1 Rae8 17. Bb5 Bc6 18. Be2 Rc8 19. Bh5 Qf6 20. Qg3 c4 21. Bd6 Rfd8 22. Bf4 Rf8 23. Bd6 Rfd8 24. Bf4 Qe6 25. Bf3 Nf6 26. Be5 Rd7 27. Qh3 Re7 28. Qh4 Nd7 29. Bf4 h6 30. Qg3 Kh7 31. h4 Nf6 32. Be5 Rf7 33. h5 Nd7 34. Bf4 Nf6 35. Qg6+ Kh8 36. Be5 Re8 37. Kh2 Ne4 38. Qxe6 Rxe6 39. Bxe4 fxe4 40. f4 Kh7 41. g4 Rf8 42. f5 Ree8 43. f6 gxf6 44. Rxf6 Rxf6 45. Bxf6 Rg8 46. Rg1 Bd7 47. g5 hxg5 48. Rxg5 Rxg5 49. Bxg5 b5 50. a3 a5 51. Be7 Kh6 52. Kg3 1/2-1/2

[Event "Foment Martinenc op-B 19st"]
[Site "Barcelona"]
[Date "2017.05.27"]
[Round "6.7"]
[White "Taltavull Hidalgo, Artur"]
[Black "Gonzalez Muelas, Marco Antonio"]
[Result "0-1"]
[WhiteElo "1571"]
[BlackElo "1661"]
[PlyCount "34"]
[EventDate "2017.04.22"]
[EventType "swiss"]
[EventRounds "9"]
[EventCountry "ESP"]
[SourceTitle "EXT 2024"]
[Source "ChessBase"]
[SourceDate "2023.10.10"]
[SourceVersion "1"]
[SourceVersionDate "2023.10.10"]
[SourceQuality "1"]

1. e4 c5 2. Nf3 d6 3. d4 cxd4 4. Qxd4 Nf6 5. Bg5 Nbd7 6. Nc3 a6 7. 0-0-0 b5 8. e5 dxe5 9. Nxe5 Qc7 10. Bxf6 gxf6 11. Nxf7 Kxf7 12. Qd5+ e6 13. Qxa8 Bb7 14. Qa7 Nc5 15. Nxb5 axb5 16. Qa3 Ne4 17. Qf3 Bh6+ 0-1

[Event "Foment Martinenc op-B 18th"]
[Site "Barcelona"]
[Date "2016.05.21"]
[Round "5"]
[White "Gonzalez Lafita, Oscar"]
[Black "Gonzalez Muelas, Marco Antonio"]
[Result "1-0"]
[WhiteElo "1893"]
[BlackElo "1689"]
[PlyCount "102"]
[EventDate "2016.04.23"]
[EventType "swiss"]
[EventRounds "9"]
[EventCountry "ESP"]
[SourceTitle "EXT 2017"]
[Source "ChessBase"]
[SourceDate "2016.10.25"]
[SourceVersion "1"]
[SourceVersionDate "2016.10.25"]
[SourceQuality "1"]

1. d4 d5 2. c4 Nf6 3. Nc3 g6 4. cxd5 Nxd5 5. e4 Nf6 6. Nf3 Bg7 7. Bc4 0-0 8. h3 c6 9. 0-0 b5 10. Bd3 Nbd7 11. e5 Ne8 12. Be4 b4 13. Bxc6 bxc3 14. Bxa8 cxb2 15. Bxb2 Ba6 16. Bc6 Bxf1 17. Qxf1 Nb6 18. Qa6 Qb8 19. Ba3 Nc7 20. Qd3 Qd8 21. Rb1 f6 22. Qb3+ Kh8 23. Bc5 fxe5 24. Nxe5 Bxe5 25. dxe5 Ncd5 26. Rd1 Qc7 27. Bxb6 Nxb6 28. Qb5 a6 29. Qc5 Rc8 30. Rc1 e6 31. Qd6 Qxd6 32. exd6 Nd7 33. Rc2 Kg7 34. Kf1 Kf6 35. Ke1 Ke5 36. Re2+ Kxd6 37. Bb7 Rc1+ 38. Kd2 Ra1 39. Kc3 Nc5 40. Bc8 Rc1+ 41. Kd2 Nb3+ 42. axb3 Rxc8 43. Kd3 Rb8 44. Kc4 Rb5 45. Ra2 Rc5+ 46. Kb4 Rb5+ 47. Ka4 Rf5 48. b4 Rd5 49. Kb3 Ke5 50. Rxa6 Rd2 51. Ra2 Rd8 1-0